[Event "Abu Dhabi Festival Open"]
[Site "Abu Dhabi UAE"]
[Date "2009.08.13"]
[Round "2"]
[White "Sanal, V."]
[Black "Pourkashiyan, A."]
[Result "1/2-1/2"]
[WhiteElo "1976"]
[BlackElo "2304"]
[PlyCount "301"]
[EventDate "2009.08.12"]
[EventType "swiss"]
[EventRounds "9"]
[EventCountry "UAE"]
[Source "Mark Crowther"]
[SourceDate "2009.08.17"]

1. e4 c5 2. Nf3 e6 3. Nc3 a6 4. d4 cxd4 5. Nxd4 b5 6. g3 Bb7 7. Bg2 Qc7 8. O-O
Nc6 9. Re1 d6 10. Nd5 Qd8 11. Nxc6 Bxc6 12. Be3 Rb8 13. c4 bxc4 14. Rc1 Ne7 15.
Nxe7 Bxe7 16. Rxc4 Bb5 17. Rc1 O-O 18. Qd2 Qd7 19. b3 Rfc8 20. Rxc8+ Rxc8 21.
Rc1 h6 22. Rxc8+ Qxc8 23. a4 Bc6 24. Qa5 Qa8 25. Bf1 Bb7 26. Qc7 Bf8 27. Qb6 h5
28. b4 h4 29. a5 Qc8 30. b5 axb5 31. Qxb5 Bxe4 32. a6 Qc2 33. a7 Ba8 34. Qc4
Qb1 35. Qe2 g6 36. f3 hxg3 37. hxg3 Qa1 38. Kf2 d5 39. Qd2 Bg7 40. Bc5 Kh7 41.
Qf4 Qb2+ 42. Be2 Bf6 43. Qb8 Qc3 44. Be3 d4 45. Bf4 d3 46. Qxa8 Bd4+ 47. Kg2
dxe2 48. Qd8 Bf6 49. Qd2 e1=Q 50. Qxe1 Qxe1 51. a8=Q e5 52. Qd5 Qe2+ 53. Kg1
exf4 54. Qxf7+ Bg7 55. Qxf4 Qd1+ 56. Kg2 Qc2+ 57. Kg1 Qc8 58. Kg2 Qd8 59. Qe3
Bd4 60. Qf4 Bc5 61. Qc4 Qe7 62. Qd3 Bd6 63. Qc4 Qg5 64. f4 Qe7 65. Kf3 Qb7+ 66.
Kg4 Qh1 67. Qb5 Be7 68. Qe5 Bf6 69. Qc5 Kh6 70. Qf8+ Bg7 71. Qc5 Qd1+ 72. Kh3
Qh1+ 73. Kg4 Qd1+ 74. Kh4 Bf6+ 75. Kh3 Qf1+ 76. Kh2 Qd3 77. Qf8+ Bg7 78. Qe7
Qc2+ 79. Kh3 Qc8+ 80. Kg2 Qg4 81. Qe3 Kh5 82. Qc5+ Qf5 83. Qe7 Qf6 84. Qc5+ Kh6
85. Qc8 Qf5 86. Qd8 Qg4 87. Qe7 Kh7 88. Qc7 Qe2+ 89. Kh3 Qb2 90. Qd8 Qf6 91.
Qd7 Kg8 92. Qd5+ Qf7 93. Qe4 Bf8 94. Qe5 Qd7+ 95. Kh2 Kf7 96. Qe4 Qe6 97. Qf3
Kf6 98. Qc3+ Kf7 99. Qf3 Bc5 100. Qb7+ Kf6 101. Qf3 Qa2+ 102. Kh3 Bd4 103. Qd3
Qd5 104. Qf1 Qe4 105. Kh2 Kf5 106. Qh3+ Kf6 107. Qh8+ Ke7 108. Qh7+ Kd6 109.
Qh6 Qc2+ 110. Kh3 Qf5+ 111. Kh2 Kd5 112. Qh7 Ke4 113. Qe7+ Kd3 114. Qa3+ Bc3
115. Qa6+ Kd2 116. Qa2+ Kd1 117. Qc4 Qc2+ 118. Kh3 Ke1 119. Qc6 Qf5+ 120. Kg2
Qd3 121. Kh3 g5 122. Qh1+ Kd2 123. Qg2+ Kd1 124. Qg1+ Be1 125. fxg5 Ke2 126.
Qg2+ Bf2 127. Kh2 Qb1 128. g6 Qxg6 129. Qh3 Ke1 130. Qh4 Be3 131. Qb4+ Kf1 132.
Qc4+ Kf2 133. Qa2+ Ke1 134. Qa1+ Ke2 135. Qb2+ Bd2 136. Qe5+ Kf3 137. Qd5+ Ke3
138. Qe5+ Kd3 139. Qd5+ Kc2 140. Qc4+ Bc3 141. Qa2+ Bb2 142. Qa4+ Kd2 143. Qf4+
Kd3 144. Qf3+ Kc4 145. Qe2+ Kb3 146. Qb5+ Kc3 147. Qc5+ Kd2 148. Qf2+ Kc3 149.
Qc5+ Kb3 150. Qb5+ Kc3 151. Qc5+ 1/2-1/2

[Event "Abu Dhabi Festival Open"]
[Site "Abu Dhabi UAE"]
[Date "2009.08.15"]
[Round "3"]
[White "Aleksandrov, A."]
[Black "Salem, AR."]
[Result "1-0"]
[WhiteElo "2616"]
[BlackElo "2469"]
[PlyCount "89"]
[EventDate "2009.08.12"]
[EventType "swiss"]
[EventRounds "9"]
[EventCountry "UAE"]
[Source "Mark Crowther"]
[SourceDate "2009.08.17"]

1. d4 d5 2. c4 c6 3. Nf3 Nf6 4. e3 e6 5. Bd3 dxc4 6. Bxc4 Nbd7 7. O-O Bd6 8. b3
e5 9. Bb2 Qe7 10. e4 O-O 11. Re1 b5 12. Bf1 Rd8 13. Nbd2 a6 14. a4 Bb7 15. Qc2
Rac8 16. g3 Ng4 17. Rad1 exd4 18. Nxd4 Bc5 19. N2f3 g6 20. Bh3 h5 21. e5 Bxd4
22. Rxd4 c5 23. Rf4 Nf8 24. e6 Nxe6 25. Qc3 Rd4 26. Nxd4 cxd4 27. Qxd4 Nxd4 28.
Rxe7 Nf3+ 29. Kg2 Bd5 30. Rxf3 Rd8 31. axb5 axb5 32. b4 f5 33. Rg7+ Kf8 34.
Rxg6 Bxf3+ 35. Kxf3 Rd2 36. Bd4 Rxd4 37. Rg5 Rxb4 38. Rxf5+ Kg7 39. Rxh5 Nf6
40. Rg5+ Kf7 41. Re5 Rb2 42. Be6+ Kg6 43. h4 b4 44. Rg5+ Kh6 45. g4 1-0

[Event "Abu Dhabi Festival Open"]
[Site "Abu Dhabi UAE"]
[Date "2009.08.15"]
[Round "3"]
[White "Galojan, L."]
[Black "Bocharov, D."]
[Result "1/2-1/2"]
[WhiteElo "2338"]
[BlackElo "2613"]
[PlyCount "66"]
[EventDate "2009.08.12"]
[EventType "swiss"]
[EventRounds "9"]
[EventCountry "UAE"]
[Source "Mark Crowther"]
[SourceDate "2009.08.17"]

1. d4 d5 2. c4 c6 3. cxd5 cxd5 4. Nc3 Nf6 5. Bf4 Nc6 6. Nf3 a6 7. e3 Bg4 8. Be2
e6 9. O-O Be7 10. Ne5 Nxe5 11. Bxe5 Bxe2 12. Qxe2 O-O 13. Bxf6 Bxf6 14. Rfc1
Qd6 15. Rc2 Rac8 16. Rac1 Rc6 17. g3 Rfc8 18. Na4 g6 19. Rxc6 Rxc6 20. Rxc6
Qxc6 21. Nc5 e5 22. dxe5 Bxe5 23. Nd3 Bd6 24. Qd2 Qc4 25. b3 Qe4 26. Qc3 h5 27.
Qd4 a5 28. Qb6 Bxg3 29. hxg3 Qxd3 30. Qxa5 Qb1+ 31. Kg2 Qe4+ 32. Kg1 Qb1+ 33.
Kg2 Qe4+ 1/2-1/2

[Event "Abu Dhabi Festival Open"]
[Site "Abu Dhabi UAE"]
[Date "2009.08.15"]
[Round "3"]
[White "Ghaem Maghami, E."]
[Black "Ali, L."]
[Result "1-0"]
[WhiteElo "2589"]
[BlackElo "2308"]
[PlyCount "115"]
[EventDate "2009.08.12"]
[EventType "swiss"]
[EventRounds "9"]
[EventCountry "UAE"]
[Source "Mark Crowther"]
[SourceDate "2009.08.17"]

1. d4 Nf6 2. c4 e6 3. Nf3 b6 4. a3 Bb7 5. Nc3 Ne4 6. Qc2 Nxc3 7. Qxc3 Be7 8.
Bf4 O-O 9. Rd1 d6 10. g4 Nd7 11. Bg2 c5 12. dxc5 Nxc5 13. Qe3 Qc7 14. O-O e5
15. Bg3 Rad8 16. Nh4 Bxg2 17. Nxg2 Qc8 18. b4 Ne6 19. Qd3 Nd4 20. Ne3 Bf6 21.
f3 Qe6 22. b5 e4 23. fxe4 Be5 24. Nf5 Nxf5 25. exf5 Qf6 26. Bxe5 Qxe5 27. e3
Rfe8 28. Rf3 Qe4 29. Qxe4 Rxe4 30. Rd4 Re5 31. e4 Kf8 32. a4 Ke7 33. Rb3 Rc5
34. Kf2 Kf6 35. Kf3 h6 36. Kf4 Ke7 37. Ke3 Rdc8 38. Kd3 R8c7 39. h4 Rc8 40. a5
Kd7 41. axb6 axb6 42. Ra3 R8c7 43. Ra6 Rb7 44. Ra8 Ke7 45. g5 hxg5 46. hxg5
Rcc7 47. Rg8 Ra7 48. Rxg7 Ra3+ 49. Ke2 Ra2+ 50. Ke3 Kf8 51. f6 Ra3+ 52. Rd3
Rxd3+ 53. Kxd3 Rc5 54. Kd4 Re5 55. g6 fxg6 56. Rxg6 Kf7 57. Rg7+ Kxf6 58. Rb7
1-0

[Event "Abu Dhabi Festival Open"]
[Site "Abu Dhabi UAE"]
[Date "2009.08.15"]
[Round "3"]
[White "Filippov, An UZB"]
[Black "Nirmal, E."]
[Result "1-0"]
[WhiteElo "2583"]
[BlackElo "2268"]
[PlyCount "75"]
[EventDate "2009.08.12"]
[EventType "swiss"]
[EventRounds "9"]
[EventCountry "UAE"]
[Source "Mark Crowther"]
[SourceDate "2009.08.17"]

1. e4 c5 2. Nf3 d6 3. d4 cxd4 4. Nxd4 Nf6 5. Nc3 g6 6. Be3 Bg7 7. f3 O-O 8. Qd2
Nc6 9. O-O-O Nxd4 10. Bxd4 Be6 11. Kb1 Qc7 12. h4 Rfc8 13. h5 Qa5 14. hxg6 hxg6
15. a3 Rab8 16. g4 b5 17. g5 b4 18. Nb5 Nh5 19. Bxg7 Rxb5 20. Bxb5 Qxb5 21. a4
Ba2+ 22. Kxa2 Qxa4+ 23. Kb1 Kxg7 24. b3 Qb5 25. f4 a5 26. Qd4+ Kg8 27. f5 Rc5
28. f6 exf6 29. Qxd6 Rxg5 30. Qe7 Qc5 31. Rd8+ Kg7 32. Qe8 Rg1+ 33. Rxg1 Qxg1+
34. Ka2 Kh6 35. Rd5 f5 36. Qh8+ Kg5 37. Rxf5+ Kg4 38. Rxh5 1-0

[Event "Abu Dhabi Festival Open"]
[Site "Abu Dhabi UAE"]
[Date "2009.08.15"]
[Round "3"]
[White "El Arousy, A."]
[Black "Anastasian, A."]
[Result "0-1"]
[WhiteElo "2295"]
[BlackElo "2566"]
[PlyCount "55"]
[EventDate "2009.08.12"]
[EventType "swiss"]
[EventRounds "9"]
[EventCountry "UAE"]
[Source "Mark Crowther"]
[SourceDate "2009.08.17"]

1. e4 c5 2. Nf3 d6 3. d4 cxd4 4. Nxd4 Nf6 5. Nc3 a6 6. Bg5 e6 7. f4 b5 8. Qf3
Bb7 9. Bd3 Nbd7 10. O-O-O Qb6 11. Nb3 Be7 12. Bh4 Nc5 13. Bf2 Qc7 14. a3 Nxd3+
15. Rxd3 Rc8 16. Rd2 d5 17. exd5 Nxd5 18. Nxd5 Bxd5 19. Qe3 Bxb3 20. Qxb3 Qxf4
21. Be3 Qe4 22. Rf1 O-O 23. Kb1 Bf6 24. Rf4 Qe5 25. Rf3 Qxh2 26. Ka2 Rfd8 27.
Rh3 Qe5 28. Rf2 0-1

[Event "Abu Dhabi Festival Open"]
[Site "Abu Dhabi UAE"]
[Date "2009.08.15"]
[Round "3"]
[White "Illijin, N."]
[Black "Amin, B."]
[Result "0-1"]
[WhiteElo "2246"]
[BlackElo "2551"]
[PlyCount "116"]
[EventDate "2009.08.12"]
[EventType "swiss"]
[EventRounds "9"]
[EventCountry "UAE"]
[Source "Mark Crowther"]
[SourceDate "2009.08.17"]

1. Nf3 Nf6 2. c4 e6 3. d4 Bb4+ 4. Bd2 c5 5. Bxb4 cxb4 6. g3 O-O 7. Bg2 d6 8.
O-O Nc6 9. Qd3 e5 10. Nbd2 Re8 11. e4 Bg4 12. Rfe1 Bxf3 13. Nxf3 Qb6 14. d5 Nb8
15. Bh3 Na6 16. Nd2 g6 17. Nb3 Nh5 18. Qd2 Rf8 19. Rac1 Nc5 20. Nxc5 Qxc5 21.
Qe3 b6 22. Qxc5 bxc5 23. Bd7 f5 24. exf5 gxf5 25. f3 Rad8 26. Bc6 Kg7 27. Kf2
Nf6 28. h3 h5 29. b3 h4 30. Rg1 Nh5 31. gxh4+ Kf6 32. Ra1 Nf4 33. Rg3 Rg8 34.
a3 Rxg3 35. Kxg3 Rg8+ 36. Kh2 Rg2+ 37. Kh1 bxa3 38. Rxa3 e4 39. fxe4 fxe4 40.
Bd7 e3 41. Ra1 e2 42. Re1 Rg3 43. Bg4 Rxb3 44. Bxe2 Rxh3+ 45. Kg1 Rg3+ 46. Kf2
Rg2+ 47. Kf3 Rxe2 48. Rxe2 Nxe2 49. Kxe2 Kg6 50. Kd3 Kh5 51. Kc3 Kxh4 52. Kb3
Kg5 53. Ka4 Kf5 54. Kb5 Ke5 55. Kc6 a5 56. Kb5 Kd4 57. Kc6 a4 58. Kxd6 a3 0-1

[Event "Abu Dhabi Festival Open"]
[Site "Abu Dhabi UAE"]
[Date "2009.08.15"]
[Round "3"]
[White "Ovetchkin, R."]
[Black "Mohamed, N."]
[Result "1-0"]
[WhiteElo "2548"]
[BlackElo "2229"]
[PlyCount "79"]
[EventDate "2009.08.12"]
[EventType "swiss"]
[EventRounds "9"]
[EventCountry "UAE"]
[Source "Mark Crowther"]
[SourceDate "2009.08.17"]

1. e4 c5 2. Nf3 d6 3. c3 Nf6 4. h3 Nc6 5. Bd3 g6 6. Bc2 Bg7 7. d4 O-O 8. d5 Ne5
9. Nxe5 dxe5 10. Be3 Qc7 11. c4 Ne8 12. Nc3 Nd6 13. Qe2 f5 14. f3 Bd7 15. O-O
b6 16. Bg5 Rf7 17. Ba4 Bxa4 18. Nxa4 f4 19. Bh4 Bf6 20. Bf2 g5 21. b4 Qd7 22.
Nxc5 bxc5 23. bxc5 Ne8 24. c6 Qc8 25. c5 h5 26. Rab1 Rg7 27. Rb7 g4 28. hxg4
hxg4 29. fxg4 Qxg4 30. Qxg4 Rxg4 31. Rd1 f3 32. d6 Rxg2+ 33. Kf1 Rh2 34. d7
Rh1+ 35. Bg1 Bh4 36. c7 f2 37. dxe8=Q+ Rxe8 38. Kg2 Rxg1+ 39. Rxg1 fxg1=Q+ 40.
Kxg1 1-0

[Event "Abu Dhabi Festival Open"]
[Site "Abu Dhabi UAE"]
[Date "2009.08.15"]
[Round "3"]
[White "Saeed, I."]
[Black "Kengis, E."]
[Result "0-1"]
[WhiteElo "2188"]
[BlackElo "2543"]
[PlyCount "70"]
[EventDate "2009.08.12"]
[EventType "swiss"]
[EventRounds "9"]
[EventCountry "UAE"]
[Source "Mark Crowther"]
[SourceDate "2009.08.17"]

1. d4 e6 2. c4 Bb4+ 3. Bd2 a5 4. Nf3 Nf6 5. Nc3 O-O 6. g3 b6 7. Bg2 Bb7 8. O-O
d6 9. Qc2 Nbd7 10. Rad1 Bxc3 11. Bxc3 Be4 12. Qa4 c6 13. Nd2 Bxg2 14. Kxg2 Qc7
15. e4 Qb7 16. Qc2 b5 17. b3 e5 18. dxe5 dxe5 19. Nf3 Rfe8 20. Rfe1 a4 21. Rd6
axb3 22. axb3 bxc4 23. bxc4 Ra3 24. Red1 h6 25. Qb2 Rb3 26. Qa1 c5 27. Qc1 Re7
28. Bd2 Rxf3 29. Qc2 Rxf2+ 30. Kxf2 Nxe4+ 31. Kg1 Nxd6 32. Bxh6 Re6 33. Bg5 Qc6
34. Rd5 Nb6 35. Qd1 Nbxc4 0-1

[Event "Abu Dhabi Festival Open"]
[Site "Abu Dhabi UAE"]
[Date "2009.08.15"]
[Round "3"]
[White "Melkumyan, H."]
[Black "Ghader Pour, S."]
[Result "1-0"]
[WhiteElo "2530"]
[BlackElo "2172"]
[PlyCount "127"]
[EventDate "2009.08.12"]
[EventType "swiss"]
[EventRounds "9"]
[EventCountry "UAE"]
[Source "Mark Crowther"]
[SourceDate "2009.08.17"]

1. Nf3 Nf6 2. c4 e6 3. g3 d5 4. Bg2 dxc4 5. Qa4+ Nbd7 6. Qxc4 a6 7. Qc2 c5 8.
a4 Be7 9. d3 O-O 10. Nbd2 Nd5 11. Nc4 b6 12. O-O Bb7 13. Bd2 Rc8 14. Qb3 Nb4
15. Rfc1 Bd5 16. Qd1 Nc6 17. Ne3 Bf6 18. Nxd5 exd5 19. Qb3 Re8 20. e3 Qe7 21.
Bh3 Rb8 22. Qxd5 Nde5 23. Bc3 Red8 24. Qe4 Nxf3+ 25. Qxf3 Ne5 26. Bxe5 Qxe5 27.
Rc2 Rxd3 28. Bf1 Rb3 29. Bxa6 Rxb2 30. Rxb2 Qxb2 31. Rd1 Rd8 32. Rxd8+ Bxd8 33.
Qd5 Qf6 34. Bc4 Qe7 35. e4 Bc7 36. f4 g6 37. e5 Kg7 38. Kg2 Bb8 39. Kf3 Bc7 40.
Ke4 Bb8 41. g4 h6 42. h4 Bc7 43. h5 Qe8 44. hxg6 Kxg6 45. Kf3 Kg7 46. Bb3 Qe7
47. Kg3 Bd8 48. Kg2 Bc7 49. Kh3 Bd8 50. Kg2 Bc7 51. Kf3 Kg8 52. Ke4 Kg7 53. Bc4
Qe8 54. f5 Bb8 55. Bb5 Qc8 56. Kd3 Qc7 57. Bc4 Kg8 58. Kc2 Qe7 59. f6 Qe8 60.
Bb5 Qc8 61. Bd3 Kf8 62. Qh1 Qxg4 63. Qxh6+ Ke8 64. Bb5+ 1-0

[Event "Abu Dhabi Festival Open"]
[Site "Abu Dhabi UAE"]
[Date "2009.08.15"]
[Round "3"]
[White "Al Tarbosh, W."]
[Black "Savchenko, S."]
[Result "0-1"]
[WhiteElo "2173"]
[BlackElo "2526"]
[PlyCount "76"]
[EventDate "2009.08.12"]
[EventType "swiss"]
[EventRounds "9"]
[EventCountry "UAE"]
[Source "Mark Crowther"]
[SourceDate "2009.08.17"]

1. e4 c5 2. Nf3 d6 3. d4 cxd4 4. Nxd4 Nf6 5. Nc3 a6 6. Be3 e5 7. Nf3 Nc6 8. a4
Be7 9. h3 O-O 10. Bc4 Be6 11. Bd5 Rc8 12. Qd2 Bxd5 13. exd5 Na5 14. b3 Qc7 15.
Nd1 Bd8 16. Ra2 Ne4 17. Qb4 f5 18. O-O b6 19. c4 Nc5 20. Ra3 e4 21. Nd4 f4 22.
Bc1 Bf6 23. Ne6 Nxe6 24. dxe6 d5 25. Qe1 Qe5 26. Bd2 d4 27. c5 e3 28. fxe3 fxe3
29. Nxe3 dxe3 30. Bxe3 bxc5 31. Ra2 Nxb3 32. Re2 Nd4 33. Bxd4 Qxd4+ 34. Kh1 Bh4
35. g3 Rxf1+ 36. Qxf1 Rf8 37. Qg2 Be7 38. Rd2 Qf6 0-1

[Event "Abu Dhabi Festival Open"]
[Site "Abu Dhabi UAE"]
[Date "2009.08.15"]
[Round "3"]
[White "Modallal, T."]
[Black "Laxman, R."]
[Result "0-1"]
[WhiteElo "2119"]
[BlackElo "2502"]
[PlyCount "54"]
[EventDate "2009.08.12"]
[EventType "swiss"]
[EventRounds "9"]
[EventCountry "UAE"]
[Source "Mark Crowther"]
[SourceDate "2009.08.17"]

1. e4 e5 2. Nf3 Nc6 3. Bb5 a6 4. Bxc6 dxc6 5. O-O Qd6 6. d4 exd4 7. Qxd4 Bg4 8.
Nbd2 Qxd4 9. Nxd4 O-O-O 10. N4b3 Nf6 11. Re1 Nd7 12. h3 Bh5 13. Nc4 f6 14. Be3
Bf7 15. Ncd2 c5 16. c4 Ne5 17. Red1 Nxc4 18. Nxc4 Rxd1+ 19. Rxd1 Bxc4 20. Nxc5
Bxa2 21. b4 b6 22. Rd2 Bc4 23. Rc2 bxc5 24. Rxc4 cxb4 25. Bf4 c5 26. Be3 Kb7
27. f4 Kc6 0-1

[Event "Abu Dhabi Festival Open"]
[Site "Abu Dhabi UAE"]
[Date "2009.08.15"]
[Round "3"]
[White "Agamaliev, G."]
[Black "Antonio, V."]
[Result "1-0"]
[WhiteElo "2490"]
[BlackElo "2107"]
[PlyCount "59"]
[EventDate "2009.08.12"]
[EventType "swiss"]
[EventRounds "9"]
[EventCountry "UAE"]
[Source "Mark Crowther"]
[SourceDate "2009.08.17"]

1. e4 c5 2. Nf3 d6 3. d4 cxd4 4. Nxd4 Nf6 5. Nc3 g6 6. Be3 Bg7 7. f3 O-O 8. Qd2
Nc6 9. O-O-O d5 10. Kb1 Nxd4 11. e5 Nd7 12. Bxd4 Nxe5 13. Qe3 Nc6 14. Bxg7 Kxg7
15. Nxd5 Be6 16. Qc3+ f6 17. Bc4 Qa5 18. b4 Nxb4 19. Rhe1 Bxd5 20. Rxd5 Qxd5
21. Bxd5 Nxd5 22. Qb3 Rad8 23. c4 Rd6 24. Ka1 Rb6 25. Qd1 Nb4 26. Rxe7+ Kh8 27.
c5 Rb5 28. Rxh7+ Kg8 29. a4 Kxh7 30. axb5 1-0

[Event "Abu Dhabi Festival Open"]
[Site "Abu Dhabi UAE"]
[Date "2009.08.15"]
[Round "3"]
[White "Drozdovskij, Y."]
[Black "Choukri, A."]
[Result "1/2-1/2"]
[WhiteElo "2620"]
[BlackElo "2105"]
[PlyCount "110"]
[EventDate "2009.08.12"]
[EventType "swiss"]
[EventRounds "9"]
[EventCountry "UAE"]
[Source "Mark Crowther"]
[SourceDate "2009.08.17"]

1. d4 Nf6 2. c4 e6 3. Nc3 Bb4 4. Qc2 d5 5. a3 Bxc3+ 6. Qxc3 Ne4 7. Qc2 f5 8. e3
O-O 9. Bd3 Nd7 10. Ne2 Ndf6 11. O-O c6 12. f3 Nd6 13. b3 b5 14. cxb5 cxb5 15.
Bd2 a5 16. Rfc1 Rf7 17. Be1 g5 18. Bg3 Nfe8 19. Qb2 a4 20. Rc5 axb3 21. Qxb3
Rb7 22. Ra2 Nc4 23. Rxb5 Rxb5 24. Qxb5 Nxe3 25. Qc6 Bd7 26. Qc1 Nc4 27. Bxc4
Rc8 28. Rc2 dxc4 29. Rxc4 f4 30. Be1 Rxc4 31. Qxc4 Qc7 32. Qc5 Qxc5 33. dxc5
Nc7 34. Bc3 Na6 35. Bd4 e5 36. Bf2 Kf7 37. Nc3 Bc6 38. Kf1 Ke6 39. Ke2 g4 40.
Ne4 Bxe4 41. fxe4 Kd7 42. Kd3 Kc6 43. Kc4 h5 44. a4 Nc7 45. Bh4 Ne6 46. Be7 h4
47. Bxh4 Nxc5 48. Bf6 f3 49. gxf3 gxf3 50. Bh4 Nxe4 51. Kd3 Nc5+ 52. Ke3 Nxa4
53. Kxf3 Kd5 54. Kg4 Ke6 55. Kg5 Kf7 1/2-1/2

[Event "Abu Dhabi Festival Open"]
[Site "Abu Dhabi UAE"]
[Date "2009.08.15"]
[Round "3"]
[White "Simonian, H."]
[Black "Sanal, V."]
[Result "1-0"]
[WhiteElo "2520"]
[BlackElo "1976"]
[PlyCount "105"]
[EventDate "2009.08.12"]
[EventType "swiss"]
[EventRounds "9"]
[EventCountry "UAE"]
[Source "Mark Crowther"]
[SourceDate "2009.08.17"]

1. Nf3 Nf6 2. b3 g6 3. Bb2 Bg7 4. e3 O-O 5. Be2 d6 6. d4 Nfd7 7. O-O e5 8. Nbd2
Nc6 9. c4 f5 10. d5 Ne7 11. Ng5 Nf6 12. f4 e4 13. Qc2 h6 14. Nh3 Kh7 15. Rad1
Bd7 16. b4 a5 17. b5 c6 18. dxc6 bxc6 19. a4 cxb5 20. cxb5 Be6 21. Bd4 Ned5 22.
Qb2 Rc8 23. Rc1 Rxc1 24. Rxc1 Nb6 25. Qa1 Rf7 26. Rc6 Nfd5 27. Nc4 Nxc4 28.
Bxc4 Qe7 29. Bxd5 Bxd5 30. Rc1 Qe6 31. Bxg7 Rxg7 32. Qc3 Bb7 33. Qxa5 Qb3 34.
Qa7 Qb2 35. Rd1 Qe2 36. Qd4 d5 37. Rf1 Rd7 38. Nf2 Rg7 39. Qb6 Rd7 40. Qd4 Rg7
41. h4 Rc7 42. Qb6 Rd7 43. Rd1 d4 44. Rxd4 Qe1+ 45. Kh2 Rg7 46. h5 Qxf2 47.
hxg6+ Rxg6 48. Rd7+ Rg7 49. Rxg7+ Kxg7 50. Qxb7+ Kf6 51. Qc6+ Kg7 52. Qc3+ Kg6
53. b6 1-0

[Event "Abu Dhabi Festival Open"]
[Site "Abu Dhabi UAE"]
[Date "2009.08.15"]
[Round "3"]
[White "Pourkashiyan, A."]
[Black "Barve, S."]
[Result "1-0"]
[WhiteElo "2304"]
[BlackElo "2034"]
[PlyCount "77"]
[EventDate "2009.08.12"]
[EventType "swiss"]
[EventRounds "9"]
[EventCountry "UAE"]
[Source "Mark Crowther"]
[SourceDate "2009.08.17"]

1. e4 d5 2. exd5 Nf6 3. Bb5+ Bd7 4. Be2 Bf5 5. Nf3 Nxd5 6. d4 Nc6 7. O-O e6 8.
a3 Be7 9. c4 Nf6 10. Nc3 O-O 11. d5 exd5 12. cxd5 Nb8 13. Bf4 Bd6 14. Qd4 a6
15. Rac1 Re8 16. Rfe1 Ne4 17. Bxd6 Nxd6 18. Bd3 Rxe1+ 19. Rxe1 Bxd3 20. Qxd3
Nd7 21. h4 Qf6 22. Ng5 Qg6 23. Qh3 Qf5 24. Qg3 Re8 25. Rxe8+ Nxe8 26. Qe3 Qe5
27. Qd3 Nef6 28. Nf3 Qf4 29. Qe2 Kf8 30. g3 Qf5 31. Nd4 Qe5 32. Qd3 Nb6 33. Nf3
Qd6 34. Ng5 Nbxd5 35. Nxd5 Qxd5 36. Nxh7+ Ke7 37. Qe3+ Qe6 38. Nxf6 Kxf6 39.
Qg5# 1-0

[Event "Abu Dhabi Festival Open"]
[Site "Abu Dhabi UAE"]
[Date "2009.08.15"]
[Round "3"]
[White "El Gindy, E."]
[Black "Al Khelaifi, K."]
[Result "1-0"]
[WhiteElo "2501"]
[BlackElo "1488"]
[PlyCount "41"]
[EventDate "2009.08.12"]
[EventType "swiss"]
[EventRounds "9"]
[EventCountry "UAE"]
[Source "Mark Crowther"]
[SourceDate "2009.08.17"]

1. d4 d5 2. c4 e6 3. Nf3 f5 4. g3 c6 5. Bg2 Nf6 6. O-O Be7 7. Nc3 O-O 8. Bf4
Nbd7 9. Ng5 Nb8 10. Nf3 Nbd7 11. Qb3 Ne4 12. Rad1 Qe8 13. Ne5 g5 14. Nxd7 Bxd7
15. Be5 Qg6 16. Qxb7 Qe8 17. c5 Bf6 18. Nxe4 fxe4 19. Bd6 Be7 20. Bxe7 Qxe7 21.
Qb3 1-0

[Event "Abu Dhabi Festival Open"]
[Site "Abu Dhabi UAE"]
[Date "2009.08.15"]
[Round "4"]
[White "Andriasian, Z."]
[Black "Ovetchkin, R."]
[Result "1/2-1/2"]
[WhiteElo "2585"]
[BlackElo "2548"]
[PlyCount "125"]
[EventDate "2009.08.12"]
[EventType "swiss"]
[EventRounds "9"]
[EventCountry "UAE"]
[Source "Mark Crowther"]
[SourceDate "2009.08.17"]

1. e4 c6 2. d4 d5 3. e5 Bf5 4. Nf3 e6 5. Be2 Nd7 6. O-O h6 7. Nbd2 Ne7 8. Nb3
Bh7 9. Bd2 Ng6 10. Rc1 Nb6 11. Na5 Qd7 12. b3 Ba3 13. Rb1 Be7 14. b4 O-O 15.
Re1 Nc8 16. g3 b5 17. h4 Nb6 18. h5 Nh8 19. Nb3 Nc4 20. Nc5 Bxc5 21. bxc5 f6
22. exf6 Rxf6 23. Ne5 Nxe5 24. dxe5 Rff8 25. Be3 Nf7 26. f4 Nd8 27. Bd3 Nb7 28.
Bxh7+ Kxh7 29. Qd3+ Kh8 30. Kg2 Qf7 31. Rh1 d4 32. Qxd4 Rad8 33. Qe4 Rd5 34.
Rhd1 Qxh5 35. Qf3 Qg6 36. Rxd5 exd5 37. Rc1 Kg8 38. Kh3 Qe6+ 39. Kg2 Na5 40.
Bd4 Nc4 41. Qd3 h5 42. Rf1 Rf5 43. Rf2 a5 44. Qf3 Kf7 45. g4 Qg6 46. Kh3 hxg4+
47. Qxg4 Rh5+ 48. Kg3 Qxg4+ 49. Kxg4 g6 50. f5 Rxf5 51. Rxf5+ gxf5+ 52. Kxf5 b4
53. e6+ Ke8 54. c3 Nd2 55. cxb4 axb4 56. Bf2 Ne4 57. Be1 b3 58. axb3 Nxc5 59.
b4 Nd3 60. Bc3 Ke7 61. Bf6+ Ke8 62. Bc3 Ke7 63. Bf6+ 1/2-1/2

[Event "Abu Dhabi Festival Open"]
[Site "Abu Dhabi UAE"]
[Date "2009.08.15"]
[Round "4"]
[White "Laxman, R."]
[Black "Filippov, An UZB"]
[Result "1-0"]
[WhiteElo "2502"]
[BlackElo "2583"]
[PlyCount "109"]
[EventDate "2009.08.12"]
[EventType "swiss"]
[EventRounds "9"]
[EventCountry "UAE"]
[Source "Mark Crowther"]
[SourceDate "2009.08.17"]

1. Nf3 d5 2. d4 c6 3. e3 Bf5 4. c4 e6 5. Nc3 Nd7 6. a3 Bd6 7. Bd3 Bxd3 8. Qxd3
a6 9. cxd5 cxd5 10. Bd2 f5 11. Na2 Qf6 12. Qb3 Ra7 13. Rc1 Ne7 14. Bb4 Bb8 15.
Bxe7 Kxe7 16. Nb4 Qf8 17. Nd3 Qd8 18. Nfe5 Qb6 19. Qa4 Qb5 20. Qxb5 axb5 21.
Nxd7 Kxd7 22. Rc5 Ra5 23. Kd2 Bd6 24. Rc3 Rc8 25. Rxc8 Kxc8 26. h3 Kd7 27. g4
Ra4 28. Rg1 f4 29. Rc1 fxe3+ 30. fxe3 b4 31. axb4 Bxb4+ 32. Ke2 Bd6 33. Rf1 Ke7
34. h4 Rc4 35. Kd2 Rc8 36. h5 h6 37. Nf4 Rc4 38. Ng6+ Ke8 39. Ra1 Rc8 40. Ra7
Rb8 41. Kd3 Kf7 42. Ne5+ Bxe5 43. dxe5 Ke7 44. Kd4 Kd7 45. Kc5 Kc7 46. Ra4 Rf8
47. Rf4 b6+ 48. Kb5 Rxf4 49. exf4 Kd7 50. Kb4 Ke7 51. Kc3 Kf7 52. f5 Ke7 53.
Kd4 Kf7 54. fxe6+ Kxe6 55. b3 1-0

[Event "Abu Dhabi Festival Open"]
[Site "Abu Dhabi UAE"]
[Date "2009.08.15"]
[Round "4"]
[White "Anastasian, A."]
[Black "Melkumyan, H."]
[Result "1-0"]
[WhiteElo "2566"]
[BlackElo "2530"]
[PlyCount "103"]
[EventDate "2009.08.12"]
[EventType "swiss"]
[EventRounds "9"]
[EventCountry "UAE"]
[Source "Mark Crowther"]
[SourceDate "2009.08.17"]

1. c4 Nf6 2. d4 g6 3. Nc3 d5 4. Bg5 Bg7 5. e3 Ne4 6. Bh4 c5 7. cxd5 Nxc3 8.
bxc3 cxd4 9. cxd4 Qxd5 10. Nf3 Nc6 11. Be2 e5 12. dxe5 Qa5+ 13. Qd2 Qxd2+ 14.
Kxd2 Nxe5 15. Nd4 O-O 16. Rab1 Nc6 17. Nxc6 bxc6 18. Bc4 a5 19. Rhc1 Re8 20.
Rb6 Bd7 21. Rb7 Be6 22. Bxe6 Rxe6 23. Rc7 Bf6 24. Bg3 Rd8+ 25. Ke2 Rb8 26.
R7xc6 Rb2+ 27. R6c2 a4 28. Rxb2 Bxb2 29. Rc4 a3 30. Bc7 h5 31. h3 Ra6 32. g4
hxg4 33. hxg4 Ra7 34. g5 Rb7 35. Bd6 Bg7 36. Rc2 Bb2 37. f4 Rd7 38. Rc8+ Kg7
39. Rc6 f6 40. gxf6+ Bxf6 41. Ra6 g5 42. fxg5 Bxg5 43. Be5+ Kf7 44. Rxa3 Bf6
45. Bxf6 Kxf6 46. Ra5 Rb7 47. a4 Rb4 48. Kf3 Ke6 49. Ra8 Kd5 50. a5 Rb7 51. a6
Rf7+ 52. Ke2 1-0